[Event "Miedzywojewodzkie Mistrzostwa Juniorow O"]
[Site "Pokrzywna"]
[Date "2025.??.??"]
[Round "1.1"]
[White "Ciupek, Oskar"]
[Black "Buziak, Szymon"]
[Result "1-0"]
[WhiteElo "1840"]
[BlackElo "1527"]
[PlyCount "63"]
[EventDate "2025.??.??"]

1. d4 d5 2. c4 e6 3. Nc3 Bb4 4. cxd5 exd5 5. a3 Bxc3+ 6. bxc3 h6 7. e3 Nf6 8.
Bd3 O-O 9. Ne2 b6 10. O-O Bb7 11. f3 Nbd7 12. Ng3 Re8 13. Qd2 c5 14. Bb2 c4 15.
Bc2 b5 16. Rae1 Nb6 17. e4 dxe4 18. fxe4 Ng4 19. Qf4 Qd7 20. Nf5 Nf6 21. e5 Qd5
22. Rf2 Nh5 23. Qg4 Bc8 24. Nxh6+ Kf8 25. Qxh5 Be6 26. Be4 Qd7 27. Bc1 Rac8 28.
Nxf7 Bxf7 29. Qh8+ Ke7 30. Bg5+ Ke6 31. Rf6+ Ke7 32. Rxb6# 1-0

[Event "Miedzywojewodzkie Mistrzostwa Juniorow O"]
[Site "Pokrzywna"]
[Date "2025.??.??"]
[Round "1.2"]
[White "Szeliga, Cezary"]
[Black "Cichocki, Aleksander"]
[Result "1/2-1/2"]
[WhiteElo "1525"]
[BlackElo "1753"]
[PlyCount "105"]
[EventDate "2025.??.??"]

1. e4 e5 2. Nf3 Nc6 3. d4 exd4 4. Nxd4 Nf6 5. Nxc6 bxc6 6. e5 Nd5 7. c4 Bb4+ 8.
Nd2 Nb6 9. Bd3 d5 10. exd6 Qxd6 11. Qe2+ Be6 12. O-O Bxd2 13. Bxd2 Rd8 14. Be4
Qxd2 15. Bxc6+ Ke7 16. Qe5 Nd7 17. Qxc7 Qd6 18. Qxd6+ Kxd6 19. Bxd7 Rxd7 20. b3
Kc5 21. Rfe1 Rhd8 22. h3 Rd2 23. Kf1 Rb2 24. Re2 Rdd2 25. Rxd2 Rxd2 26. Ke1 Rb2
27. Kf1 Kb4 28. Ke1 Bf5 29. Rc1 Rb1 30. Kd2 Rxc1 31. Kxc1 Ka3 32. Kd2 Kxa2 33.
Kc3 a5 34. c5 Be6 35. b4 axb4+ 36. Kxb4 Kb2 37. c6 Kc2 38. Kc5 Kd3 39. Kd6 Ke2
40. f4 Ke3 41. Ke5 Kf2 42. g4 Kg3 43. f5 Bc8 44. Kd6 Ba6 45. Ke7 f6 46. Kf7
Kxh3 47. Kxg7 Kxg4 48. Kxf6 Bd3 49. Kg7 Bxf5 50. Kh6 Kf4 51. c7 Ke5 52. c8=Q
Bxc8 53. Kxh7 1/2-1/2

[Event "Miedzywojewodzkie Mistrzostwa Juniorow O"]
[Site "Pokrzywna"]
[Date "2025.??.??"]
[Round "1.3"]
[White "Malinowski, Tobiasz"]
[Black "Reterski, Igor"]
[Result "1-0"]
[WhiteElo "1709"]
[BlackElo "1481"]
[PlyCount "63"]
[EventDate "2025.??.??"]

1. Nf3 d5 2. e3 e6 3. c4 Nf6 4. Nc3 Be7 5. b3 O-O 6. Bb2 Nbd7 7. Be2 dxc4 8.
bxc4 b6 9. O-O Bb7 10. d4 c5 11. d5 exd5 12. cxd5 Re8 13. Qb3 Nf8 14. Bb5 N6d7
15. a4 a6 16. Be2 Ng6 17. Rfd1 Bd6 18. Nd2 Qc7 19. g3 Nf6 20. Nc4 Nd7 21. Rab1
Nge5 22. Nxd6 Qxd6 23. e4 Rac8 24. f4 Ng6 25. e5 Qb8 26. Bg4 c4 27. Qb4 Ngf8
28. Ne4 Qa7 29. Nd6 a5 30. Qd2 Ba6 31. Qd4 c3 32. Bxc3 1-0

[Event "Miedzywojewodzkie Mistrzostwa Juniorow O"]
[Site "Pokrzywna"]
[Date "2025.??.??"]
[Round "1.4"]
[White "Sieczkowski, Bartosz"]
[Black "Janik, Albert"]
[Result "1-0"]
[WhiteElo "1478"]
[BlackElo "1663"]
[PlyCount "65"]
[EventDate "2025.??.??"]

1. e4 c5 2. Nf3 g6 3. Bb5 a6 4. Be2 Bg7 5. Nc3 Nc6 6. O-O e6 7. d3 Nge7 8. Be3
b6 9. d4 cxd4 10. Nxd4 O-O 11. Na4 Rb8 12. Nxc6 Nxc6 13. Bf4 e5 14. Be3 b5 15.
Nc3 d6 16. Qd2 Be6 17. Nd5 Nd4 18. Bxd4 exd4 19. Nb4 Qb6 20. Nd3 d5 21. Bf3
dxe4 22. Bxe4 Rbc8 23. a4 Rc4 24. axb5 axb5 25. Nf4 Qc7 26. Nxe6 fxe6 27. Bd3
Rc5 28. Qe2 Re5 29. Qd2 Bh6 30. Qa5 Qb8 31. Qa7 Qd8 32. Qb7 Rh5 33. Ra7 1-0

[Event "Miedzywojewodzkie Mistrzostwa Juniorow O"]
[Site "Pokrzywna"]
[Date "2025.??.??"]
[Round "1.5"]
[White "Szczypka, Sebastian"]
[Black "Piotrowski, Aleksander"]
[Result "1-0"]
[WhiteElo "1651"]
[BlackElo "1468"]
[PlyCount "53"]
[EventDate "2025.??.??"]

1. e4 e6 2. d4 d5 3. exd5 exd5 4. c4 dxc4 5. Bxc4 Bb4+ 6. Nc3 Qe7+ 7. Nge2 Nc6
8. O-O Qf6 9. Nd5 Qd8 10. Qa4 Bd6 11. Re1 Be6 12. Nef4 Qd7 13. Nxe6 fxe6 14.
Rxe6+ Kd8 15. Bg5+ Nge7 16. Rae1 Re8 17. Nxe7 Nxe7 18. Qb3 Rb8 19. R6e2 h6 20.
Bh4 g5 21. Bg3 Bxg3 22. hxg3 c6 23. Bf7 Rf8 24. Rxe7 Qxd4 25. Rxb7 Rxb7 26.
Qxb7 Qf6 27. Rd1+ 1-0

[Event "Miedzywojewodzkie Mistrzostwa Juniorow O"]
[Site "Pokrzywna"]
[Date "2025.??.??"]
[Round "1.6"]
[White "Schoenfelder, Jakub"]
[Black "Schudy, Michal"]
[Result "0-1"]
[WhiteElo "1462"]
[BlackElo "1565"]
[PlyCount "72"]
[EventDate "2025.??.??"]

1. d4 d5 2. c4 e6 3. Nc3 c6 4. Nf3 dxc4 5. e4 b5 6. a4 Bb4 7. Bd2 a5 8. axb5
Bxc3 9. Bxc3 cxb5 10. b3 Bb7 11. e5 b4 12. Bb2 c3 13. Bb5+ Nc6 14. Bc1 Nge7 15.
Qd3 Qb6 16. Bg5 O-O 17. Qc4 Rac8 18. Qd3 Nf5 19. Be3 Rfd8 20. d5 Nxe3 21. fxe3
Rxd5 22. Qe4 Qxb5 23. Qf4 Nxe5 24. Qh4 Nxf3+ 25. gxf3 Rcd8 26. Ra2 h6 27. Rg2
Rd1+ 28. Kf2 R8d2+ 29. Kg3 Rxg2+ 30. Kxg2 Rxh1 31. Kg3 Rg1+ 32. Kh3 Qf5+ 33.
Qg4 Rxg4 34. fxg4 Qf3+ 35. Kh4 g5+ 36. Kh5 Qh3# 0-1

[Event "Miedzywojewodzkie Mistrzostwa Juniorow O"]
[Site "Pokrzywna"]
[Date "2025.??.??"]
[Round "2.1"]
[White "Schudy, Michal"]
[Black "Ciupek, Oskar"]
[Result "0-1"]
[WhiteElo "1565"]
[BlackElo "1840"]
[PlyCount "92"]
[EventDate "2025.??.??"]

1. e4 e5 2. Nf3 Nc6 3. d4 exd4 4. Nxd4 Qf6 5. Nb3 Bb4+ 6. c3 Be7 7. Be3 Nh6 8.
N1d2 d6 9. h3 a6 10. Nd4 Nxd4 11. cxd4 Qg6 12. Rc1 c6 13. Qf3 Bd7 14. Bd3 Rd8
15. Bc2 O-O 16. O-O f5 17. Bxh6 Qxh6 18. Nb3 Bg5 19. Rcd1 fxe4 20. Qxe4 Bf5 21.
Qe2 Rde8 22. Qc4+ d5 23. Qc3 Bc8 24. Nd2 Bf4 25. Qd3 Bd6 26. Rde1 Rxe1 27. Rxe1
Bb4 28. Re2 Bf5 29. Qb3 Bxd2 30. Bxf5 Bf4 31. Be6+ Kh8 32. Qxb7 Bb8 33. Qxc6
Qf4 34. g3 Qf3 35. Rc2 h5 36. Bxd5 Qd1+ 37. Kg2 Qxd4 38. Qc5 Rxf2+ 39. Rxf2
Qxc5 40. Bb3 Ba7 41. Rf1 h4 42. gxh4 Qc6+ 43. Rf3 Qe4 44. h5 Qe2+ 45. Kg3 Bb8+
46. Kg4 Qg2+ 0-1

[Event "Miedzywojewodzkie Mistrzostwa Juniorow O"]
[Site "Pokrzywna"]
[Date "2025.??.??"]
[Round "2.2"]
[White "Pisarski, Marek"]
[Black "Malinowski, Tobiasz"]
[Result "0-1"]
[WhiteElo "1563"]
[BlackElo "1709"]
[PlyCount "84"]
[EventDate "2025.??.??"]

1. e4 c5 2. Nf3 Nc6 3. d4 cxd4 4. Nxd4 g6 5. Nc3 Bg7 6. Be3 Nf6 7. Bc4 Qa5 8.
O-O O-O 9. Bb3 d6 10. h3 Bd7 11. Re1 Rac8 12. Qd2 e6 13. Rad1 Rfd8 14. a3 a6
15. f4 b5 16. Qf2 b4 17. axb4 Qxb4 18. e5 dxe5 19. fxe5 Nd5 20. Bxd5 exd5 21.
Nxd5 Qf8 22. Nxc6 Rxc6 23. Bg5 Re8 24. Qh4 Qc5+ 25. Kh1 Rce6 26. Bf6 Bc6 27.
Bxg7 Kxg7 28. Nf6 Rh8 29. Qd4 Qxc2 30. Rd2 Qb3 31. Re3 Qb7 32. Rg3 h5 33. Qe3
Qb5 34. Qg5 Qxe5 35. Qxe5 Rxe5 36. Nd7 Re1+ 37. Kh2 Rhe8 38. Nc5 R8e2 39. Rxe2
Rxe2 40. b3 h4 41. Rg4 f5 42. Rg5 Kf6 0-1

[Event "Miedzywojewodzkie Mistrzostwa Juniorow O"]
[Site "Pokrzywna"]
[Date "2025.??.??"]
[Round "2.3"]
[White "Sieczkowski, Bartosz"]
[Black "Szczypka, Sebastian"]
[Result "0-1"]
[WhiteElo "1478"]
[BlackElo "1651"]
[PlyCount "86"]
[EventDate "2025.??.??"]

1. e4 c5 2. Nf3 e6 3. d4 cxd4 4. Nxd4 Nc6 5. Nxc6 bxc6 6. Bd3 Bb4+ 7. Nd2 Ne7
8. O-O O-O 9. Qg4 f5 10. Qh4 Qe8 11. exf5 Bxd2 12. fxe6 Bh6 13. exd7 Bxd7 14.
Re1 Ng6 15. Qb4 Qb8 16. Qc4+ Kh8 17. Bxh6 Qxb2 18. Bxg6 hxg6 19. Bd2 Qf6 20.
Rf1 Bf5 21. Bc3 Qe6 22. Qd4 Rf7 23. Rae1 Qxa2 24. Re2 Qd5 25. Qh4+ Kg8 26. Rd2
Qe4 27. Qg3 a5 28. Qd6 Rd7 29. Qc5 Rxd2 30. Bxd2 Qxc2 31. Qd4 Qd3 32. Qf4 a4
33. Rc1 a3 34. Bc3 a2 35. Qe5 Qd7 36. Ra1 Re8 37. Qf4 Qd5 38. Qc7 Qd7 39. Qb6
Ra8 40. Qb3+ Kh7 41. Rd1 Qa7 42. Ra1 Rb8 43. Qxa2 Qxa2 0-1

[Event "Miedzywojewodzkie Mistrzostwa Juniorow O"]
[Site "Pokrzywna"]
[Date "2025.??.??"]
[Round "2.4"]
[White "Cichocki, Aleksander"]
[Black "Janik, Albert"]
[Result "1-0"]
[WhiteElo "1753"]
[BlackElo "1663"]
[PlyCount "114"]
[EventDate "2025.??.??"]

1. e4 c6 2. d4 d5 3. exd5 cxd5 4. Nf3 Nf6 5. Bf4 Nc6 6. Bb5 Bg4 7. Nc3 e6 8. h3
Bxf3 9. Qxf3 Bd6 10. Bg5 Be7 11. O-O O-O 12. Bxc6 bxc6 13. Qd3 Rb8 14. Rab1 h6
15. Bf4 Bd6 16. Bxd6 Qxd6 17. a3 a5 18. Na4 Rb5 19. Nc5 Rfb8 20. Qc3 Nh5 21. a4
R5b6 22. Qxa5 Rxb2 23. Rxb2 Rxb2 24. Qc3 Rb8 25. a5 Nf4 26. Qe3 Ng6 27. f4 Ne7
28. Qe5 Qxe5 29. fxe5 Nf5 30. c3 Rb2 31. Ra1 Rb8 32. a6 Ra8 33. a7 Ne7 34. Ra6
g5 35. Nb7 Kg7 36. Nd6 Kg6 37. g4 h5 38. Kf2 hxg4 39. hxg4 Kh7 40. Nxf7 Nc8 41.
Nxg5+ Kg6 42. Nxe6 Rxa7 43. Rxa7 Nxa7 44. Nd8 Kg7 45. Ke3 Kf8 46. Ne6+ Kf7 47.
Nc5 Nb5 48. Kd3 Kg6 49. Ne6 Kf7 50. Nd8+ Kg6 51. Nxc6 Kg5 52. c4 dxc4+ 53. Kxc4
Nc7 54. d5 Kxg4 55. d6 Ne6 56. d7 Kf5 57. Nd4+ Kxe5 1-0

[Event "Miedzywojewodzkie Mistrzostwa Juniorow O"]
[Site "Pokrzywna"]
[Date "2025.??.??"]
[Round "2.5"]
[White "Buziak, Szymon"]
[Black "Szeliga, Cezary"]
[Result "1-0"]
[WhiteElo "1527"]
[BlackElo "1525"]
[PlyCount "131"]
[EventDate "2025.??.??"]

1. e4 c5 2. Nf3 Nc6 3. d4 cxd4 4. Nxd4 g6 5. Be3 Bg7 6. Nc3 d6 7. Qd2 Nf6 8. f3
O-O 9. Bc4 Bd7 10. h4 Rc8 11. Nxc6 Bxc6 12. Bb3 a5 13. g4 b5 14. h5 a4 15. Bd5
Bxd5 16. exd5 Qa5 17. h6 Bh8 18. Bd4 b4 19. Ne2 Qxd5 20. Kf2 e5 21. Be3 Qxd2
22. Bxd2 Rxc2 23. Bxb4 Rxb2 24. Bxd6 Rd8 25. Ba3 Rc2 26. Rhc1 Rdd2 27. Rxc2
Rxc2 28. Rb1 Rc8 29. Nc3 Nd7 30. Rd1 Nb6 31. Bc5 Nc4 32. Nxa4 f5 33. Rc1 Nd6
34. gxf5 gxf5 35. Rg1+ Kf7 36. Bxd6 e4 37. Kg3 Ke6 38. Bf4 Rc4 39. Nb6 Rb4 40.
Be3 Be5+ 41. f4 Bc7 42. Rc1 Bxb6 43. Rc6+ Kf7 44. Rxb6 Ra4 45. Rb2 Kg6 46. Kh4
Kxh6 47. Bc5 Kg6 48. a3 Rc4 49. Bb4 e3 50. Kg3 Re4 51. Re2 h5 52. Kf3 h4 53.
Rxe3 Rxe3+ 54. Kxe3 Kh5 55. Kf3 h3 56. Kg3 h2 57. Kxh2 Kg4 58. Bd6 Kf3 59. a4
Ke4 60. a5 Kd5 61. Bc7 Kc6 62. Bb6 Kb5 63. Kh3 Ka6 64. Kh4 Kb7 65. Kg5 Ka6 66.
Kxf5 1-0

[Event "Miedzywojewodzkie Mistrzostwa Juniorow O"]
[Site "Pokrzywna"]
[Date "2025.??.??"]
[Round "2.6"]
[White "Reterski, Igor"]
[Black "Schoenfelder, Jakub"]
[Result "1/2-1/2"]
[WhiteElo "1481"]
[BlackElo "1462"]
[PlyCount "105"]
[EventDate "2025.??.??"]

1. e4 c5 2. Nf3 Nc6 3. Bb5 g6 4. O-O Bg7 5. Re1 a6 6. Bxc6 bxc6 7. c3 d6 8. d4
cxd4 9. cxd4 Bg4 10. Be3 c5 11. Qa4+ Bd7 12. Qc2 Rb8 13. Nbd2 Qb6 14. dxc5 dxc5
15. Qxc5 Qxc5 16. Bxc5 Rxb2 17. Rab1 Rxb1 18. Rxb1 Bb5 19. Bd4 Nf6 20. Bxf6
Bxf6 21. e5 Bg7 22. Nd4 Bxe5 23. Nxb5 axb5 24. Rxb5 Bd6 25. g3 O-O 26. a4 Ra8
27. a5 Ra7 28. Nc4 Kf8 29. Kg2 Ke8 30. Kf3 Kd7 31. Ke4 Kc6 32. Rd5 Bc7 33. Kd4
Bd6 34. Nxd6 exd6 35. Kc4 Ra6 36. Rb5 Ra7 37. Rb6+ Kc7 38. Kb5 h5 39. Rc6+ Kd7
40. Kb6 Rxa5 41. Rc7+ Kd8 42. Rxf7 Rf5 43. Rxf5 gxf5 44. Kc6 Ke7 45. Kd5 Kd7
46. h3 Ke7 47. f3 Kd7 48. g4 fxg4 49. fxg4 hxg4 50. hxg4 Ke7 51. g5 Kf7 52. g6+
Kxg6 53. Kxd6 1/2-1/2

[Event "Miedzywojewodzkie Mistrzostwa Juniorow O"]
[Site "Pokrzywna"]
[Date "2025.??.??"]
[Round "3.1"]
[White "Ciupek, Oskar"]
[Black "Malinowski, Tobiasz"]
[Result "1-0"]
[WhiteElo "1840"]
[BlackElo "1709"]
[PlyCount "91"]
[EventDate "2025.??.??"]

1. e4 c5 2. Nf3 Nc6 3. d4 cxd4 4. Nxd4 g6 5. c4 Bg7 6. Be3 Nf6 7. Nc3 O-O 8.
Be2 d6 9. O-O Bd7 10. h3 Nxd4 11. Bxd4 Bc6 12. Qc2 a5 13. Rad1 Nd7 14. Bxg7
Kxg7 15. Bg4 Rc8 16. b3 Qc7 17. Rd2 Rfd8 18. Rfd1 b6 19. h4 h5 20. Bh3 Rb8 21.
Bxd7 Rxd7 22. a4 e6 23. Qd3 Rbd8 24. Qe3 Qb7 25. f4 f6 26. Rd3 Qc7 27. Qe2 Bb7
28. Nb5 Qc5+ 29. Kh1 Bc6 30. Nd4 Re8 31. Rg3 Kf7 32. b4 Qxb4 33. Nxc6 Qxa4 34.
Nd4 f5 35. Nb5 Red8 36. exf5 exf5 37. Re1 Kf8 38. Qe6 Rf7 39. Nxd6 Qd7 40. Qxg6
Rg7 41. Qf6+ Kg8 42. Rxg7+ Qxg7 43. Qxd8+ Kh7 44. Re7 Qxe7 45. Qxe7+ Kh6 46.
Qf7 1-0

[Event "Miedzywojewodzkie Mistrzostwa Juniorow O"]
[Site "Pokrzywna"]
[Date "2025.??.??"]
[Round "3.2"]
[White "Szczypka, Sebastian"]
[Black "Cichocki, Aleksander"]
[Result "0-1"]
[WhiteElo "1651"]
[BlackElo "1753"]
[PlyCount "142"]
[EventDate "2025.??.??"]

1. e4 e5 2. Nf3 Nc6 3. d4 exd4 4. Bc4 Bb4+ 5. c3 dxc3 6. Nxc3 Bxc3+ 7. bxc3 d6
8. O-O Nf6 9. Re1 O-O 10. h3 h6 11. Qc2 Nd7 12. Bf4 Nde5 13. Nxe5 Nxe5 14. Bb3
Qf6 15. Bg3 Qg6 16. Bxe5 dxe5 17. Kh2 Be6 18. Rad1 Rad8 19. f3 Bxb3 20. axb3
Qb6 21. Rxd8 Rxd8 22. Rd1 Rxd1 23. Qxd1 Qd6 24. Qc2 f6 25. Qa2 a6 26. b4+ Kf8
27. Qa5 b5 28. Qa2 f5 29. Qc2 f4 30. Qa2 Qc6 31. Qd2 Ke7 32. Qd3 Qd6 33. Qc2 c5
34. Qb3 c4 35. Qc2 g5 36. Qf2 Qc7 37. Qd2 Qd6 38. Qf2 Kf6 39. Qa7 Kg6 40. Qa8
Qe6 41. Qf8 h5 42. Qd8 g4 43. hxg4 hxg4 44. fxg4 Kg7 45. Qh4 Qh6 46. Qxh6+ Kxh6
47. Kh3 Kg5 48. Kh2 Kxg4 49. Kg1 f3 50. Kf2 fxg2 51. Kxg2 Kf4 52. Kf2 Kxe4 53.
Ke2 Kf4 54. Kf2 e4 55. Ke2 e3 56. Ke1 e2 57. Kxe2 Ke4 58. Kd2 Kf3 59. Kc2 Ke2
60. Kc1 Kd3 61. Kb2 Kd2 62. Ka2 Kxc3 63. Ka3 Kd2 64. Kb2 c3+ 65. Kb1 c2+ 66.
Ka2 c1=R 67. Kb2 Rd1 68. Kb3 Rb1+ 69. Ka3 Kc3 70. Ka2 Kc2 71. Ka3 Ra1# 0-1

[Event "Miedzywojewodzkie Mistrzostwa Juniorow O"]
[Site "Pokrzywna"]
[Date "2025.??.??"]
[Round "3.3"]
[White "Buziak, Szymon"]
[Black "Schudy, Michal"]
[Result "1/2-1/2"]
[WhiteElo "1527"]
[BlackElo "1565"]
[PlyCount "74"]
[EventDate "2025.??.??"]

1. e4 c5 2. Nf3 g6 3. c3 d5 4. e5 Nc6 5. d4 Bg4 6. Nbd2 c4 7. h3 Bxf3 8. Nxf3
Bg7 9. b3 b5 10. Be2 e6 11. O-O Nge7 12. Bg5 O-O 13. Qd2 Qc7 14. Bh6 Rab8 15.
b4 Nf5 16. Bxg7 Kxg7 17. Nh2 Nfe7 18. Ng4 Ng8 19. Rfe1 Qe7 20. Bd1 Qh4 21. Re3
Qg5 22. Qe2 h5 23. Nh2 Nge7 24. Bc2 Nd8 25. Rg3 Qh6 26. Rd1 Nf5 27. Bxf5 exf5
28. Qd2 Qxd2 29. Rxd2 Ne6 30. Re3 Rb6 31. g3 Ra6 32. Kg2 Ng5 33. f3 Ra3 34. Rc2
Rb8 35. h4 Ne6 36. f4 Rb6 37. Nf3 Rb7 1/2-1/2

[Event "Miedzywojewodzkie Mistrzostwa Juniorow O"]
[Site "Pokrzywna"]
[Date "2025.??.??"]
[Round "3.4"]
[White "Piotrowski, Aleksander"]
[Black "Pisarski, Marek"]
[Result "1/2-1/2"]
[WhiteElo "1468"]
[BlackElo "1563"]
[PlyCount "106"]
[EventDate "2025.??.??"]

1. e4 c5 2. d4 cxd4 3. c3 dxc3 4. Nxc3 Nc6 5. Bc4 d6 6. Nf3 a6 7. e5 e6 8. exd6
Qxd6 9. Qe2 Nf6 10. O-O Be7 11. Rd1 Qc7 12. Be3 O-O 13. Rac1 Ne5 14. Bb3 Nxf3+
15. Qxf3 Qa5 16. Na4 Nd7 17. h3 Bg5 18. Rxc8 Raxc8 19. Rxd7 Qe1+ 20. Kh2 Bxe3
21. Qxe3 Qxe3 22. fxe3 b5 23. Nc3 Rfd8 24. Rd1 b4 25. Ne4 Rxd1 26. Bxd1 f5 27.
Ng5 g6 28. Nxe6 Kf7 29. Bb3 Kf6 30. Nd4 Ke5 31. Nc2 a5 32. a3 bxa3 33. Nxa3 Rb8
34. Nc4+ Kf6 35. Ba4 Ke6 36. b3 Ra8 37. Kg3 g5 38. h4 h6 39. hxg5 hxg5 40. Kf3
Kf6 41. g4 fxg4+ 42. Kxg4 Ra7 43. e4 Kg6 44. e5 Re7 45. Bc6 Ra7 46. Be8+ Kh6
47. e6 Re7 48. Bd7 Kg6 49. Nxa5 Kf6 50. Nc6 Rxe6 51. Bxe6 Kxe6 52. Kxg5 Kd5 53.
Na5 Kc5 1/2-1/2

[Event "Miedzywojewodzkie Mistrzostwa Juniorow O"]
[Site "Pokrzywna"]
[Date "2025.??.??"]
[Round "3.5"]
[White "Szeliga, Cezary"]
[Black "Sieczkowski, Bartosz"]
[Result "1/2-1/2"]
[WhiteElo "1525"]
[BlackElo "1478"]
[PlyCount "84"]
[EventDate "2025.??.??"]

1. e4 c5 2. Nf3 Nc6 3. d4 cxd4 4. Nxd4 e5 5. Nb5 d6 6. c4 g6 7. Bd3 Bg7 8. O-O
Nf6 9. Bg5 O-O 10. N5c3 Be6 11. Na3 h6 12. Bxf6 Bxf6 13. Nc2 Rc8 14. Ne3 Nd4
15. b3 Bg7 16. Nc2 Qh4 17. Nxd4 exd4 18. Ne2 Bg4 19. f3 Be6 20. Qe1 Qf6 21. Rd1
Qd8 22. Qf2 Qa5 23. Bb1 Qh5 24. Nxd4 Be5 25. f4 Bxd4 26. Rxd4 Rfd8 27. Rfd1 Bg4
28. R1d2 Qc5 29. Qg3 Bh5 30. Kf1 b5 31. Qd3 bxc4 32. Rxc4 Qb6 33. h3 Rxc4 34.
Qxc4 Qe3 35. Rf2 d5 36. Qc2 d4 37. Qd2 Qg3 38. Bd3 Qh2 39. Ke1 Qg3 40. Be2 Bxe2
41. Qxe2 Qc3+ 42. Qd2 Qa1+ 1/2-1/2

[Event "Miedzywojewodzkie Mistrzostwa Juniorow O"]
[Site "Pokrzywna"]
[Date "2025.??.??"]
[Round "3.6"]
[White "Janik, Albert"]
[Black "Reterski, Igor"]
[Result "1-0"]
[WhiteElo "1663"]
[BlackElo "1481"]
[PlyCount "74"]
[EventDate "2025.??.??"]

1. e4 e6 2. d4 d5 3. Nd2 Ne7 4. Ngf3 Bd7 5. exd5 Nxd5 6. c4 Nb6 7. Bd3 Nc6 8.
O-O Be7 9. Nb3 Nb4 10. Bb1 Nxc4 11. a3 Nc6 12. Re1 Nd6 13. Qd3 Bf6 14. Bf4 g6
15. Ne5 Bg7 16. Nxd7 Qxd7 17. Nc5 Qc8 18. d5 Nd8 19. Ba2 O-O 20. dxe6 Bxb2 21.
Rab1 Bg7 22. e7 Re8 23. exd8=Q Rxd8 24. Bxd6 Rxd6 25. Qf3 Rf6 26. Qxb7 Bf8 27.
Qxc8 Rxc8 28. Nd7 Ra6 29. Nxf8 Rxf8 30. Re3 Rd8 31. g3 Rd2 32. Bc4 Rc6 33. Rc1
Rf6 34. Re2 Rd4 35. Re7 Kf8 36. Rxc7 Rd2 37. Rf1 Ra6 1-0

[Event "Miedzywojewodzkie Mistrzostwa Juniorow O"]
[Site "Pokrzywna"]
[Date "2025.??.??"]
[Round "4.1"]
[White "Cichocki, Aleksander"]
[Black "Ciupek, Oskar"]
[Result "0-1"]
[WhiteElo "1753"]
[BlackElo "1840"]
[PlyCount "92"]
[EventDate "2025.??.??"]

1. e4 c5 2. Nc3 Nc6 3. g3 g6 4. Bg2 Bg7 5. d3 d6 6. f4 e6 7. Nf3 Nge7 8. O-O
O-O 9. g4 f5 10. exf5 exf5 11. g5 d5 12. h4 Be6 13. Ne2 Qd7 14. Ng3 Rae8 15. h5
d4 16. h6 Bh8 17. Bd2 Qc7 18. c4 dxc3 19. bxc3 Nd5 20. Ne2 Bf7 21. Rc1 Qd6 22.
d4 cxd4 23. cxd4 Nb6 24. Bc3 Nc4 25. Re1 Ne3 26. Qd2 Nxg2 27. Kxg2 Bd5 28. Neg1
Re4 29. Kg3 Rfe8 30. Rb1 b6 31. Nh3 Qa3 32. Nf2 Rxe1 33. Rxe1 Rxe1 34. Qxe1 Kf7
35. Qe3 Qxa2 36. Nd2 b5 37. Nd3 a5 38. Ne5+ Bxe5 39. dxe5 b4 40. e6+ Bxe6 41.
Bf6 Bd5 42. Qd3 a4 43. Kh4 Be6 44. Nf3 Qg2 45. Ne5+ Nxe5 46. Bxe5 Qg4# 0-1

[Event "Miedzywojewodzkie Mistrzostwa Juniorow O"]
[Site "Pokrzywna"]
[Date "2025.??.??"]
[Round "4.2"]
[White "Malinowski, Tobiasz"]
[Black "Szczypka, Sebastian"]
[Result "1-0"]
[WhiteElo "1709"]
[BlackElo "1651"]
[PlyCount "75"]
[EventDate "2025.??.??"]

1. d4 Nf6 2. c4 e6 3. Nc3 d5 4. cxd5 exd5 5. Bg5 Be7 6. e3 Bf5 7. Qb3 b6 8.
Bxf6 Bxf6 9. Qxd5 Qxd5 10. Nxd5 Bd8 11. Rc1 c6 12. Nb4 Bd7 13. g3 Be7 14. Nd3
f6 15. Bg2 O-O 16. Ne2 Rc8 17. a3 Na6 18. d5 Nb8 19. Nd4 Be8 20. dxc6 a6 21. c7
Ra7 22. Bd5+ Kh8 23. cxb8=Q Rxb8 24. Nf4 Rd8 25. Nde6 Rb8 26. h4 b5 27. h5 h6
28. Ke2 b4 29. axb4 Bxb4 30. Kf3 a5 31. Rc2 a4 32. Rhc1 Bd7 33. Rc4 Bd6 34. Nd4
Rxb2 35. Rc8+ Bxc8 36. Rxc8+ Kh7 37. Bg8+ Kh8 38. Ng6# 1-0

[Event "Miedzywojewodzkie Mistrzostwa Juniorow O"]
[Site "Pokrzywna"]
[Date "2025.??.??"]
[Round "4.3"]
[White "Schudy, Michal"]
[Black "Sieczkowski, Bartosz"]
[Result "1/2-1/2"]
[WhiteElo "1565"]
[BlackElo "1478"]
[PlyCount "61"]
[EventDate "2025.??.??"]

1. e4 c5 2. Nf3 e6 3. d4 cxd4 4. Nxd4 a6 5. Nc3 Qc7 6. Qd3 Nf6 7. f3 Nc6 8. Be3
Bd6 9. O-O-O Nxd4 10. Bxd4 Nh5 11. g3 Bb4 12. a3 Bxc3 13. Qxc3 Qxc3 14. Bxc3
O-O 15. g4 Nf6 16. h4 h5 17. Bxf6 gxf6 18. gxh5 Kh7 19. f4 b5 20. Rg1 Rd8 21.
f5 Bb7 22. fxe6 dxe6 23. Rxd8 Rxd8 24. Bd3 Kh6 25. Rf1 Kg7 26. Rg1+ Kh6 27. Rf1
Kg7 28. Rg1+ Kh6 29. Rf1 Kg7 30. Rg1+ Kh6 31. Rf1 1/2-1/2

[Event "Miedzywojewodzkie Mistrzostwa Juniorow O"]
[Site "Pokrzywna"]
[Date "2025.??.??"]
[Round "4.4"]
[White "Pisarski, Marek"]
[Black "Buziak, Szymon"]
[Result "1-0"]
[WhiteElo "1563"]
[BlackElo "1527"]
[PlyCount "117"]
[EventDate "2025.??.??"]

1. e4 c5 2. Nf3 e6 3. d4 cxd4 4. Nxd4 a6 5. Bd3 Nc6 6. Nb3 Be7 7. Qg4 Bf6 8. c3
d6 9. Be3 Ne5 10. Qe2 Nxd3+ 11. Qxd3 Ne7 12. N1d2 d5 13. O-O O-O 14. f4 dxe4
15. Qxd8 Rxd8 16. Nxe4 Nf5 17. Bb6 Re8 18. Nxf6+ gxf6 19. Rad1 e5 20. Rfe1 Be6
21. fxe5 Bxb3 22. axb3 fxe5 23. Rd5 f6 24. Rf1 Re6 25. Rxf5 Rxb6 26. b4 Rf8 27.
Kf2 Kg7 28. Kf3 Kg6 29. Rdxe5 h6 30. g4 Rf7 31. Re8 Kg7 32. Rd5 Rb5 33. Rxb5
axb5 34. Ke4 Kg6 35. h4 Rc7 36. Re6 Rc4+ 37. Ke3 Rxg4 38. h5+ Kg5 39. Rb6 Rg2
40. Rxb5+ f5 41. Rxb7 f4+ 42. Kf3 Rxb2 43. Rb5+ Kh4 44. Kxf4 Rc2 45. Rc5 Rg2
46. b5 Rb2 47. c4 Rb4 48. Ke4 Kg4 49. Kd4 Rb1 50. Rd5 Rd1+ 51. Kc5 Rxd5+ 52.
Kxd5 Kxh5 53. b6 Kg5 54. b7 h5 55. b8=Q Kg6 56. Ke6 Kg5 57. Qg3+ Kh6 58. Kf6 h4
59. Qxh4# 1-0

[Event "Miedzywojewodzkie Mistrzostwa Juniorow O"]
[Site "Pokrzywna"]
[Date "2025.??.??"]
[Round "4.5"]
[White "Schoenfelder, Jakub"]
[Black "Piotrowski, Aleksander"]
[Result "0-1"]
[WhiteElo "1462"]
[BlackElo "1468"]
[PlyCount "104"]
[EventDate "2025.??.??"]

1. d4 Nf6 2. c4 e5 3. dxe5 Ng4 4. Nf3 Nc6 5. Bg5 Be7 6. Bxe7 Qxe7 7. Nc3 Qc5 8.
e3 Ngxe5 9. Nb5 Nxf3+ 10. Qxf3 Ne5 11. Qg3 O-O 12. a3 Re8 13. Be2 a6 14. Nc3
Nxc4 15. b4 Qe5 16. Qxe5 Nxe5 17. Nd5 Rd8 18. Nxc7 Ra7 19. O-O b5 20. Rac1 Bb7
21. Rcd1 d5 22. f4 Nc4 23. Bxc4 bxc4 24. b5 axb5 25. Nxb5 Ra5 26. Rb1 Bc6 27.
Nd4 Bd7 28. Ra1 Rda8 29. Rfb1 h6 30. Nc2 Bf5 31. Rc1 Bxc2 32. Rxc2 Rxa3 33.
Rxa3 Rxa3 34. Kf2 Kf8 35. Rd2 Ra5 36. Kf3 Ke7 37. Re2 Kd6 38. e4 dxe4+ 39. Rxe4
c3 40. Re2 Ra3 41. Rc2 Ke6 42. Ke4 Kf6 43. g4 g6 44. h4 h5 45. Kf3 Rb3 46. gxh5
gxh5 47. Ke4 Ke6 48. Rc1 Rb4+ 49. Kf3 Rc4 50. Re1+ Kf5 51. Re5+ Kf6 52. Re1 c2
0-1

[Event "Miedzywojewodzkie Mistrzostwa Juniorow O"]
[Site "Pokrzywna"]
[Date "2025.??.??"]
[Round "4.6"]
[White "Janik, Albert"]
[Black "Szeliga, Cezary"]
[Result "1-0"]
[WhiteElo "1663"]
[BlackElo "1525"]
[PlyCount "127"]
[EventDate "2025.??.??"]

1. e4 c5 2. Nf3 Nc6 3. d4 cxd4 4. Nxd4 g6 5. Nc3 Bg7 6. Be3 d6 7. Bc4 Nf6 8. f3
O-O 9. Bb3 Bd7 10. Qd2 Rb8 11. h4 Ne5 12. O-O-O b5 13. Kb1 a5 14. Nd5 Nxd5 15.
Bxd5 e6 16. f4 Ng4 17. Bc6 Nxe3 18. Qxe3 Bxd4 19. Qxd4 Bxc6 20. h5 d5 21. hxg6
fxg6 22. Rxh7 Qf6 23. Qa7 Ra8 24. Qc7 Rfc8 25. Qe7 Qxe7 26. Rxe7 Re8 27. Rc7
Rec8 28. Re7 Re8 29. Rc7 Rac8 30. Ra7 dxe4 31. b4 a4 32. Rh1 Rcd8 33. Rhh7 Rd1+
34. Kb2 Rd7 35. Rhxd7 Bxd7 36. Rxd7 Rf8 37. g3 Rf7 38. Rd4 Rf5 39. Rxe4 Kf7 40.
Re5 Rxe5 41. fxe5 g5 42. g4 Ke7 43. Kc3 Kd7 44. a3 Kc6 45. Kd4 Kb6 46. c4 Kc6
47. cxb5+ Kxb5 48. Kc3 Kb6 49. Kc4 Kc6 50. b5+ Kb6 51. Kb4 Kc7 52. Kxa4 Kb7 53.
Kb4 Kb6 54. a4 Kb7 55. a5 Ka7 56. Kc5 Kb7 57. Kd6 Kc8 58. a6 Kb8 59. b6 Ka8 60.
Kxe6 Kb8 61. Kd7 Ka8 62. e6 Kb8 63. e7 Ka8 64. e8=Q# 1-0